000 00763nam a22002297a 4500
003 0
005 20250916082126.0
008 250916b xxu||||| |||| 00| 0 eng d
020 _a978-1-266-81687-1
050 _aQA 76.5
_b.O44 2025
100 _aO'Leary, Daniel A.,
_eauthor.
245 _aComputing essentials :
_bmaking IT work for you /
_cDaniel A. O'Leary, Timothy J. O'Leary, and Linda I. O'Leary.
260 _aNew York, NY :
_bMcGraw Hill LLC,
_c2024.
300 _axii, 389 pages :
_bcolored illustrations ;
_c28 cm.
504 _aIncludes index.
650 _aComputers.
650 _aComputer science.
650 _aInformation technology.
700 _aO'Leary, Timothy J.,
_eauthor.
700 _aO'Leary, Linda I.,
_eauthor.
942 _2lcc
_cBK
999 _c367971
_d367971